000 00296nam a22001337a 4500
008 180110b xxu||||| |||| 00| 0 eng d
020 _a0919566715
041 _aeng
080 _a371
100 _a46
101 _aEDU
245 _aReading, Writing & Language
_cMccracken, R
942 _2udc
_cBK
999 _c40043
_d40043